| 000 | 00429 a2200157 4500 | ||
|---|---|---|---|
| 020 | _a9780765626332 | ||
| 082 | _a352.608 | ||
| 090 |
_c6689 _d6689 |
||
| 100 | _aRice,Mitchell F. | ||
| 245 |
_aDiversity and Public Administration. _bTheory,Issues,and Perspectives . _cMitchell F.Rice |
||
| 250 | _a2nd. | ||
| 260 |
_aNew York. _bM.E.Sharpe. _c2010. |
||
| 300 | _a322p. | ||
| 500 | _aPaper cover | ||
| 942 |
_aNBS _cBK _k352.608 RIC |
||
| 999 |
_c349040 _d349040 |
||